| 000 | 00695nam a22002297a 4500 | ||
|---|---|---|---|
| 003 | OSt | ||
| 005 | 20131106130551.0 | ||
| 008 | 130530s1996 sp ||||| |||| 00| 0 spa d | ||
| 040 | _cCDMR | ||
| 100 | 1 |
_93571 _aEsteban, Esther |
|
| 245 | 1 | 3 |
_aEl tercer hombre _b: P.J. la pesadilla de F. G. _cEsther Esteban ; prólogo de Francisco Umbral |
| 250 | _a2a ed. | ||
| 260 |
_aMadrid _bEspasa-Calpe _c1996 |
||
| 300 | _a321 p. | ||
| 490 | 0 | _aEspasa Hoy | |
| 600 | 1 |
_93593 _aGonzález Márquez, Felipe _d1942- |
|
| 600 | 1 |
_92327 _aRamírez, Pedro José |
|
| 610 | 2 |
_93493 _aEl Mundo (Diari) |
|
| 650 | 0 | 4 |
_94090 _aPremsa i política _zEspanya |
| 700 | 1 |
_93594 _aUmbral, Francisco _epr. |
|
| 942 |
_2udc _cMON |
||
| 999 |
_c6355 _d6355 |
||